<?xml version="1.0" encoding="UTF-8"?>
<record
    xmlns:xsi="http://www.w3.org/2001/XMLSchema-instance"
    xsi:schemaLocation="http://www.loc.gov/MARC21/slim http://www.loc.gov/standards/marcxml/schema/MARC21slim.xsd"
    xmlns="http://www.loc.gov/MARC21/slim">

  <leader>01412nab a2200241uuc4500</leader>
  <controlfield tag="001">1002567</controlfield>
  <controlfield tag="005">20240904092919.0</controlfield>
  <controlfield tag="008">061103s2005                        spa  </controlfield>
  <datafield tag="035" ind1=" " ind2=" ">
    <subfield code="a">1002567</subfield>
  </datafield>
  <datafield tag="035" ind1=" " ind2=" ">
    <subfield code="a">(OCoLC)820132853</subfield>
  </datafield>
  <datafield tag="040" ind1=" " ind2=" ">
    <subfield code="c">comduadb</subfield>
  </datafield>
  <datafield tag="041" ind1=" " ind2=" ">
    <subfield code="a">spa</subfield>
  </datafield>
  <datafield tag="100" ind1="1" ind2="0">
    <subfield code="a">Perez Martinez, Noemi</subfield>
    <subfield code="4">aut</subfield>
    <subfield code="e">aut</subfield>
    <subfield code="9">423986</subfield>
  </datafield>
  <datafield tag="245" ind1="1" ind2="3">
    <subfield code="a">La ciudad: entre la investigaci&#xF3;n educativa y el reconocimiento del contexto social.</subfield>
  </datafield>
  <datafield tag="520" ind1="3" ind2=" ">
    <subfield code="a">Este articulo presenta las elaboraciones conceptuales y pedag&#xF3;gicas que se han construido desde el proyecto Bogota: Ciudad Educadora implementado en el Instituto Pedag&#xF3;gico Nacional. Este es un proyecto de investigaci&#xF3;n e innovaci&#xF3;n que pretende que los estudiantes de grado noveno generen identidad de lugar con la ciudad, a partir de tres componentes  fundamentales: conceptual, vivencial e investigativo. Aborda la ciudad como un espacio subjetivo de construcci&#xF3;n social e hist&#xF3;rica de gran importancia para el mundo contempor&#xE1;neo, ya que en ella habita la mayor parte de la poblaci&#xF3;n mundial.</subfield>
  </datafield>
  <datafield tag="650" ind1=" " ind2=" ">
    <subfield code="a">Contexto social</subfield>
    <subfield code="9">76042</subfield>
  </datafield>
  <datafield tag="650" ind1=" " ind2="7">
    <subfield code="a">Identidad</subfield>
    <subfield code="2">lemb</subfield>
    <subfield code="9">32648</subfield>
  </datafield>
  <datafield tag="650" ind1=" " ind2=" ">
    <subfield code="a">Investigaci&#xF3;n educativa</subfield>
    <subfield code="9">4655</subfield>
  </datafield>
  <datafield tag="650" ind1=" " ind2="7">
    <subfield code="a">Ciudades y pueblos</subfield>
    <subfield code="2">lemb</subfield>
    <subfield code="9">4624</subfield>
  </datafield>
  <datafield tag="700" ind1="1" ind2="0">
    <subfield code="a">Gonz&#xE1;lez Terreros, Mar&#xED;a Isabel</subfield>
    <subfield code="4">aut</subfield>
    <subfield code="e">aut</subfield>
    <subfield code="9">550192</subfield>
  </datafield>
  <datafield tag="773" ind1="0" ind2=" ">
    <subfield code="t">Nodos y Nudos (Bogot&#xE1;)</subfield>
    <subfield code="g">Vol. 02, No. 18, Ene.-Jun. 2005, p. 72-79</subfield>
    <subfield code="w">309033</subfield>
    <subfield code="x">0122-4328</subfield>
    <subfield code="0">103644</subfield>
  </datafield>
  <datafield tag="942" ind1=" " ind2=" ">
    <subfield code="c">ARIMP</subfield>
  </datafield>
  <datafield tag="999" ind1=" " ind2=" ">
    <subfield code="c">406857</subfield>
    <subfield code="d">406857</subfield>
  </datafield>
</record>
